Every NBA All-Star from the 1960's - Statistics

General Stats
  • This quiz has been taken 14 times
  • The average score is 23 of 73
Answer Stats
Hint Answer % Correct
San Francisco Warriors Wilt Chamberlain
100%
Boston Celtics Bill Russell
93%
Boston Celtics Bob Cousy
93%
Los Angeles Lakers Elgin Baylor
93%
Cincinnati Royals Oscar Robertson
93%
St. Louis Hawks Bob Pettit
86%
Los Angeles Lakers Jerry West
86%
Boston Celtics Sam Jones
86%
Syracuse Nationals Dolph Schayes
79%
Philadelphia 76ers Hal Greer
79%
San Francisco Warriors Rick Barry
79%
Boston Celtics John Havlicek
71%
New York Knicks Willis Reed
71%
Detroit Pistons Dave Bing
64%
San Diego Rockets Elvin Hayes
64%
Boston Celtics Tom Heinsohn
64%
Baltimore Bullets Wes Unseld
64%
Baltimore Bullets Earl Monroe
57%
Baltimore Bullets Gus Johnson
57%
Cincinnati Royals Jerry Lucas
57%
Detroit Pistons Dave DeBusschere
50%
Philadelphia 76ers Luke Jackson
50%
Cincinnati Royals Adrian Smith
43%
Boston Celtics Bill Sharman
43%
San Francisco Warriors Nate Thurmond
43%
Philadelphia Warriors Paul Arizin
43%
Philadelphia 76ers Billy Cunningham
36%
Phoenix Suns Gail Goodrich
36%
Cincinnati Royals Jack Twyman
36%
St. Louis Hawks Lenny Wilkens
36%
Atlanta Hawks Lou Hudson
36%
Philadelphia 76ers Chet Walker
29%
Baltimore Bullets Walt Bellamy
29%
Detroit Pistons Bailey Howell
21%
Chicago Bulls Jerry Sloan
21%
San Francisco Warriors Jim King
21%
New York Knicks Johnny Green
21%
New York Knicks Richie Guerin
21%
St. Louis Hawks Cliff Hagan
14%
Syracuse Nationals George Yardley
14%
Syracuse Nationals Johnny Kerr
14%
Syracuse Nationals Larry Costello
14%
St. Louis Hawks Bill Bridges
7%
Chicago Bulls Bob Boozer
7%
St. Louis Hawks Clyde Lovellette
7%
New York Knicks Dick Barnett
7%
Phoenix Suns Dick Van Arsdale
7%
San Diego Rockets Don Kojis
7%
Detroit Pistons Eddie Miles
7%
Detroit Pistons Gene Shue
7%
San Francisco Warriors Guy Rodgers
7%
Milwaukee Bucks Jon McGlocklin
7%
Baltimore Bullets Terry Dischinger
7%
Philadelphia Warriors Tom Gola
7%
Detroit Pistons Walter Dukes
7%
Cincinnati Royals Wayne Embry
7%
St. Louis Hawks Zelmo Beaty
7%
Los Angeles Lakers Archie Clark
0%
Detroit Pistons Chuck Noble
0%
San Francisco Warriors Clyde Lee
0%
Los Angeles Lakers Darrall Imhoff
0%
Minneapolis Lakers Dick Garmaker
0%
Baltimore Bullets Don Ohl
0%
Los Angeles Lakers Frank Selvy
0%
Los Angeles Lakers Hot Rod Hundley
0%
San Francisco Warriors Jeff Mullins
0%
Atlanta Hawks Joe Caldwell
0%
Syracuse Nationals Lee Shaffer
0%
New York Knicks Len Chappell
0%
Los Angeles Lakers Rudy LaRusso
0%
San Francisco Warriors Tom Meschery
0%
Seattle SuperSonics Walt Hazzard
0%
New York Knicks Willie Naulls
0%
No matching quizzes found
Score Distribution
Percent of People with Each Score
Percentile by Number Answered
Your Score History
You have not taken this quiz